Bhartiya sangeet ke antah vishayak drishtikaun (Record no. 11530)
[ view plain ]
| 000 -LEADER | |
|---|---|
| fixed length control field | 00464nam a2200169Ia 4500 |
| 008 - FIXED-LENGTH DATA ELEMENTS--GENERAL INFORMATION | |
| fixed length control field | 230917s9999||||xx |||||||||||||| ||und|| |
| 020 ## - ISBN | |
| Price | RS1200 |
| 040 ## - CATALOGING SOURCE | |
| -- | 217104 |
| Original cataloging agency | VIVEKANANDA LIBRARY |
| 041 ## - Language | |
| -- | English |
| 082 ## - DDC NUMBER | |
| Classification number | 780.954 S23B |
| 100 ## - MAIN ENTRY--PERSONAL NAME | |
| Personal name | Sharma, Bharti |
| 245 #0 - TITLE STATEMENT | |
| Title | Bhartiya sangeet ke antah vishayak drishtikaun |
| 260 ## - PUBLICATION, DISTRIBUTION, ETC. (IMPRINT) | |
| Place of publication, distribution, etc | Ghaziabad |
| Name of publisher, distributor, etc | Naitik Prakashan |
| Date of publication, distribution, etc | 2014 |
| 300 ## - PHYSICAL DESCRIPTION | |
| Pages | xv, 382 p. |
| 500 ## - GENERAL NOTE | |
| General note | 1562 02/06/2014 14235 24/06/2014 Main Budget |
| 942 ## - ADDED ENTRY ELEMENTS (KOHA) | |
| Koha item type | Books |
| Withdrawn status | Lost status | Damaged status | Not for loan | Location (home branch) | Sublocation or collection (holding branch) | Date acquired | Koha issues (times borrowed) | Koha full call number | Accession No. | Koha date last seen | Koha item type |
|---|---|---|---|---|---|---|---|---|---|---|---|
| VIVEKANANDA LIBRARY | VIVEKANANDA LIBRARY | 31/07/2014 | 780.954 S23B | 306568 | 17/09/2023 | Books | |||||
| VIVEKANANDA LIBRARY | VIVEKANANDA LIBRARY | 31/07/2014 | 780.954 S23B | 306569 | 17/09/2023 | Books | |||||
| VIVEKANANDA LIBRARY | VIVEKANANDA LIBRARY | 31/07/2014 | 780.954 S23B | 306570 | 17/09/2023 | Books | |||||
| VIVEKANANDA LIBRARY | VIVEKANANDA LIBRARY | 31/07/2014 | 780.954 S23B | 306571 | 17/09/2023 | Books | |||||
| VIVEKANANDA LIBRARY | VIVEKANANDA LIBRARY | 31/07/2014 | 780.954 S23B | 342859 | 17/09/2023 | Books |
